| 000 | 00637nam a2200205 4500 | ||
|---|---|---|---|
| 001 | 113592 | ||
| 003 | ES-MaACL | ||
| 005 | 20250812082609.0 | ||
| 007 | t| | ||
| 008 | 061121s1952 sp a |||| | spa d | ||
| 080 | _a671.1:666.26 | ||
| 100 | 1 |
_aPack, Greta. _988153 |
|
| 245 | 1 | 0 |
_aJoyería y esmalte / _cGreta Pack ; versión de la 8ª ed. en lengua inglesa por Luis Graupera. |
| 260 |
_aBarcelona : _bGustavo Gili, _c1952. |
||
| 300 |
_a345 p. : _bil. ; _c26 cm. |
||
| 650 | 7 |
_aArtes decorativas _2embne _9135625 |
|
| 700 | 1 |
_aGraupera Castañé, Luis. _959767 |
|
| 852 |
_aES-MaACL _jC-5680 |
||
| 999 |
_c113592 _d113592 |
||